| 000 | 00844nam a22002537a 4500 | ||
|---|---|---|---|
| 003 | OSt | ||
| 005 | 20260126080316.0 | ||
| 008 | 260126b |||||||| |||| 00| 0 eng d | ||
| 020 | _a9780443067211 | ||
| 040 |
_aDWCL - Main Lib. _cOC |
||
| 082 | _aGR 611.0022 G778 2008 | ||
| 100 |
_aDrake, Richard L. _eAuthor |
||
| 245 |
_aGray's Atlas of anatomy / _cRichard L. Drake [and four others] |
||
| 250 | _aFirst edition | ||
| 260 |
_aPhiladelphia: _bChurchill Livingstone, _cc2008 |
||
| 300 |
_axvi, 558 pages: _bcolor illustrations; _c28cm. |
||
| 504 | _aIncludes index. | ||
| 650 | _a1. Anatomy--Atlases. | ||
| 700 |
_aI. Vogl, A. Wayne _eAuthor |
||
| 700 |
_aII. Mitchell, Adam W. M. _eAuthor |
||
| 700 |
_aIII. Tibbitts, Richard M. _eAuthor |
||
| 700 |
_aIV. Richardson, Paul E. _eAuthor |
||
| 942 |
_2ddc _cGR _eFirst edition _hGR _n0 |
||
| 999 |
_c7826 _d7826 |
||